Štrukturálna kríza automobilového priemyslu
Základné charakteristiky štrukturálnej krízy automobilového priemyslu. Protikrízové opatrenia štátov - štátne programy a protekcionistické opatrenia na záchranu automobilového priemyslu. Vývojové trendy v automobilovom priemysle. Presunutie dôrazu z technicko-technologických činností na marketingové...
Saved in:
| Main Author: | |
|---|---|
| Other Authors: | |
| Format: | Book Chapter |
| Language: | Slovak |
| Subjects: | |
| Tags: |
No Tags, Be the first to tag this record!
|
MARC
| LEADER | 00000naa$a2200000$$$4500 | ||
|---|---|---|---|
| 001 | 0113943 | ||
| 005 | 20240502083302.8 | ||
| 041 | 0 | |a slo | |
| 044 | |a CZ | ||
| 245 | 1 | 0 | |a Štrukturálna kríza automobilového priemyslu |c Jana Pásztorová, Simona Škorvagová |
| 520 | |a Základné charakteristiky štrukturálnej krízy automobilového priemyslu. Protikrízové opatrenia štátov - štátne programy a protekcionistické opatrenia na záchranu automobilového priemyslu. Vývojové trendy v automobilovom priemysle. Presunutie dôrazu z technicko-technologických činností na marketingové aktivity. Perspektívne elektromobily s krátkym dojazdom. Diverzifikácia činností dodávateľov. | ||
| 610 | 2 | 0 | |a priemysel automobilový |
| 610 | 2 | 0 | |a automobily osobné |
| 610 | 2 | 0 | |a výroba |
| 610 | 2 | 0 | |a inovácia |
| 610 | 2 | 0 | |a technológie nové |
| 610 | 2 | 0 | |a výrobcovia |
| 610 | 2 | 0 | |a dodávatelia |
| 610 | 2 | 0 | |a kríza hospodárska |
| 610 | 2 | 0 | |a kríza |
| 100 | 1 | |a Pásztorová, Jana, 1960- | |
| 700 | 1 | |a Škorvagová, Simona | |